| 000 | 00719nam a22002297a 4500 | ||
|---|---|---|---|
| 003 | OSt | ||
| 005 | 20260422111426.0 | ||
| 008 | 260422b ||||| |||| 00| 0 eng d | ||
| 020 | _a9786299439912 | ||
| 040 |
_aJMG _beng _cJMG _erda |
||
| 082 | 0 | 4 | _a546.41 |
| 245 | 0 | 0 | _aKOMPENDIUM UNSUR NADIR BUMI (REE) |
| 264 |
_aPutrajaya : _bJabatan Mineral dan Geosains Malaysia, _c2025 |
||
| 300 |
_a91 pages : _bsome colour illustrations ; _c21 cm |
||
| 336 |
_2 text _a rdacontent |
||
| 337 |
_2rdamedia _aunmediated |
||
| 338 |
_avolume _2 rdacarrier |
||
| 650 | 1 | 0 | _aRare earth metals |
| 650 | 2 | 0 | _aMines and mineral resources |
| 650 | 2 | 0 | _aGeochemical prospecting |
| 942 |
_2ddc _cBK _e23 _h546.41 |
||
| 999 |
_c27214 _d27214 |
||